Aespa all songs - Statistics

General Stats
  • This quiz has been taken 71 times
    26 since last reset
  • The average score is 53 of 68
Answer Stats
Answer % Correct
Better Things
90%
Black Mamba
90%
Forever
90%
Girls
90%
Hold On Tight
90%
ICONIC
90%
I'll Make You Cry
90%
Illusion
90%
Life’s Too Short
90%
Next Level
90%
Savage
90%
Spicy
90%
Thirsty
90%
Welcome to MY World
90%
Aenergy
80%
Armageddon
80%
BAHAMA
80%
Beautiful Christmas
80%
Bored!
80%
Dirty Work
80%
YEPPI YEPPI
80%
Dopamine
80%
Drama
80%
Flowers
80%
Hot Mess
80%
ICU
80%
I’m Unhappy
80%
Jingle Bell Rock
80%
Just Another Girl
80%
Lingo
80%
Lucid Dream
80%
Melody
80%
Mine
80%
Pink Hoodie
80%
Rich Man
80%
Salty & Sweet
80%
Spark
80%
Supernova
80%
‘Till We Meet Again
80%
Trick Or Trick
80%
UP
80%
We Go
80%
Whiplash
80%
YOLO
80%
You
80%
ZOOM ZOOM
80%
ZOOM ZOOM
80%
Angel #48
70%
Bubble
70%
Dark Arts
70%
Die Trying
70%
Don’t Blink
70%
Dreams Come True
70%
Drift
70%
Flights, Not Feelings
70%
Kill It
70%
Licorice
70%
Live My Life
70%
Long Chat (#♥)
70%
Prologue
70%
Set The Tone
70%
Sun and Moon
70%
To The Girls
70%
Count On Me
60%
Hot Air Ballon
60%
Regret of the Times
60%
Rum Pum Pum Pum
30%
Over You
20%
No matching quizzes found
Score Distribution
Percent of People with Each Score
Percentile by Number Answered
Your Score History
You have not taken this quiz since the last reset